Konflikty záujmov v práve obchodných spoločností zborník : Bratislava 2018

Bibliographic Details
Corporate Author: Konflikty záujmov v práve obchodných spoločností Smolenice, Slovensko (Author)
Other Authors: Husár, Ján, 1952- (Editor, Compiler), Csach, Kristián, 1980- (Editor, Compiler)
Format: Conference Proceeding Book
Language:Slovak
Czech
English
PhysicalDescription:222 strán 21 cm
Published: Bratislava Wolters Kluwer SR 2018
ISBN:9788081689260
9788081689277
Subjects:

MARC

LEADER 00000cam a2200000 4500
001 vtls011841575
003 SK-MaSNL
005 20260426013207.0
008 220509s2018 xo fr 110 0 slo
015 |a SNBA2020/04 
020 |a 9788081689260  |q (brožované) 
020 |a 9788081689277  |q (pdf) 
035 |a urn:nbn:sk:snk-am00gldy 
035 |a urn:nbn:sk:snk-am3j5hr 
035 |a 6D86FEB3-AB44-4A5F-ABAE-CCF9F42E45E1 
040 |a SNK  |b slo  |c SNK  |e rda 
041 0 |a slo  |a cze  |a eng 
043 |a e-xo---  |a e-xr--- 
044 |a xo  |c SK 
072 7 |a 347.7  |x Obchodné právo. Finančné právo. Právo priemyselného vlastníctva. Patentové právo. Autorské právo  |2 konspekt 
080 |a 347.72  |2 2011 
080 |a 005.334.2  |2 2011 
080 |a 347.7  |2 2011 
080 |a 347  |2 2011 
080 |a (437.6)  |2 2011 
080 |a (437.3)  |2 2011 
080 |a (062.534)  |2 2011 
111 2 |a Konflikty záujmov v práve obchodných spoločností  |d (2018 :  |c Smolenice, Slovensko)  |4 aut  |9 715584 
245 1 0 |a Konflikty záujmov v práve obchodných spoločností  |b zborník : Bratislava 2018  |c Ján Husár, Kristián Csach (eds.) 
264 1 |a Bratislava  |b Wolters Kluwer SR  |c 2018 
300 |a 222 strán  |c 21 cm 
336 |a text  |b txt  |2 rdacontent 
337 |a bez média  |b n  |2 rdamedia 
338 |a zväzok  |b nc  |2 rdacarrier 
500 |a Obsahuje poznámky pod čiarou 
504 |a Obsahuje bibliografické odkazy 
546 |a Čiastočný text v češtine a angličtine 
650 0 7 |a obchodné spoločnosti  |2 SNKPH  |9 3650 
650 0 7 |a konflikt záujmov  |2 SNKPH  |9 4476 
650 0 7 |a obchodné právo  |2 SNKPH  |9 2216 
650 0 7 |a súkromné právo  |2 SNKPH  |9 2244 
650 0 7 |a Corporations  |2 SNKPHeng  |9 275214 
650 0 7 |a Conflict of interests  |2 SNKPHeng  |9 409342 
650 0 7 |a Commercial law  |2 SNKPHeng  |9 266959 
650 0 7 |a Privat law  |2 SNKPHeng  |9 336131 
651 7 |a Slovensko  |2 SNKPHgeo  |9 14231 
651 7 |a Česko  |2 SNKPHgeo  |9 16753 
651 7 |a Slovakia  |2 SNKPHeng  |9 92630 
651 7 |a Czechia  |2 SNKPHeng  |9 170107 
655 7 |a zborníky konferencií  |2 SNKPH  |9 70153 
655 7 |a Proceedings of conferences  |2 SNKPHeng  |9 265791 
700 1 |a Husár, Ján,  |d 1952-  |4 edt  |4 com  |9 99614 
700 1 |a Csach, Kristián,  |d 1980-  |4 edt  |4 com  |9 206136 
919 |a 978-80-8168-926-0 
919 |a 978-80-8168-927-7 
958 |a NB 
958 |a SP 
999 |c 1116821  |d 1118751 
952 |a SNK  |b SNK  |y PREZ  |7 0  |p 17A1360690  |o snkSC 183100  |i snk2019/5819  |8 0  |0 0  |1 0  |4 0  |d 2019-03-04  |f 1  |l 0  |r 2026-02-24 18:19:20  |w 2026-02-24 
952 |a SNK  |b SNK  |y VYP  |7 0  |p 17A1360691  |o snkSC 183100 D1  |i snk2019/5820  |8 0  |0 0  |1 0  |4 0  |d 2019-03-04  |l 0  |r 2026-02-24 18:19:20  |w 2026-02-24